World Economic Outlook, April 2022 : War Sets Back the Global Recovery.

The war in Ukraine has triggered a costly humanitarian crisis that demands a peaceful resolution. At the same time, economic damage from the conflict will contribute to a significant slowdown in global growth in 2022 and add to inflation. Fuel and food prices have increased rapidly, hitting vulnerab...

Descrizione completa

Dettagli Bibliografici
Ente Autore: International Monetary Fund. Research Dept
Natura: Periodico
Lingua:English
Pubblicazione: Washington, D.C. : International Monetary Fund, 2022.
Serie:World Economic Outlook; World Economic Outlook ; No. 2022/001
Soggetti:
Accesso online:Full text available on IMF
LEADER 02424cas a2200289 a 4500
001 AALejournalIMF022713
008 230101c9999 xx r poo 0 0eng d
020 |c 50.00 USD 
020 |z 9798400206917 
022 |a 2663-2128 
040 |a BD-DhAAL  |c BD-DhAAL 
110 2 |a International Monetary Fund.  |b Research Dept. 
240 1 0 |a World Economic Outlook, April 2022: War Sets Back the Global Recovery.  |l Chinese 
245 1 0 |a World Economic Outlook, April 2022 :   |b War Sets Back the Global Recovery. 
264 1 |a Washington, D.C. :  |b International Monetary Fund,  |c 2022. 
300 |a 1 online resource (199 pages) 
490 1 |a World Economic Outlook 
500 |a <strong>Off-Campus Access:</strong> No User ID or Password Required 
500 |a <strong>On-Campus Access:</strong> No User ID or Password Required 
506 |a Electronic access restricted to authorized BRAC University faculty, staff and students 
520 3 |a The war in Ukraine has triggered a costly humanitarian crisis that demands a peaceful resolution. At the same time, economic damage from the conflict will contribute to a significant slowdown in global growth in 2022 and add to inflation. Fuel and food prices have increased rapidly, hitting vulnerable populations in low-income countries hardest. Global growth is projected to slow from an estimated 6.1 percent in 2021 to 3.6 percent in 2022 and 2023. This is 0.8 and 0.2 percentage points lower for 2022 and 2023 than projected in January. Beyond 2023, global growth is forecast to decline to about 3.3 percent over the medium term. War-induced commodity price increases and broadening price pressures have led to 2022 inflation projections of 5.7 percent in advanced economies and 8.7 percent in emerging market and developing economies-1.8 and 2.8 percentage points higher than projected last January. Multilateral efforts to respond to the humanitarian crisis, prevent further economic fragmentation, maintain global liquidity, manage debt distress, tackle climate change, and end the pandemic are essential. 
538 |a Mode of access: Internet 
650 7 |a Foreign Exchange  |2 imf 
650 7 |a International Agreements and Observance  |2 imf 
650 7 |a International Organizations  |2 imf 
830 0 |a World Economic Outlook; World Economic Outlook ;  |v No. 2022/001 
856 4 0 |z Full text available on IMF  |u https://elibrary.imf.org/openurl?genre=book&isbn=9798400206917  |z IMF e-Library